000 00461nam a2200181Ia 4500
008 240925s9999 xx 000 0 und d
020 _aNA
082 _a343.052 MUG
100 _aMughal ,Muhammad Muazzam
245 0 _aIncome Tax Principales Practice
250 _aNA
260 _aLahore:
_bSyed Mobin Mahmud & Co
_c,1998.
300 _axvii,476p.
_bNA
_fOriginal
500 _aNA
600 _aSocial Sciences
650 _aSocial Sciences
942 _cBK
999 _c4304
_d4304